| 000 | 00975nam1a2200301 i 4500 | ||
|---|---|---|---|
| 001 | RU\NLR\bibl\248574 | ||
| 005 | 20240920200907.0 | ||
| 035 | _a(NLR Aleph) 000244401 | ||
| 090 |
_a1424972 _c1424972 |
||
| 100 | _a20020408g20019999u y0rusy50 ca | ||
| 101 | 0 | _arus | |
| 102 | _aRU | ||
| 105 | _aa ||||||||| | ||
| 200 | 1 |
_aТолько о любви _e(Лирич. строфы поэтов начала XXI в.) _f[Сост.: Бригиневич Е.Е.] |
|
| 210 |
_aВологда _cБ.и. _d2001 |
||
| 215 | _d7 | ||
| 463 | 0 | _1001237640 | |
| 606 | 0 |
_aЛюбовь _xв художественной литературе _91555458 _3RU\NLR\auth\66679756 |
|
| 686 | _aШ6(2=Р)75-5 | ||
| 686 | _aШ6(2=Р)75-94 | ||
| 702 | 1 |
_aБригиневич _bЕ. Е. _gЕвгений Е _4220 |
|
| 801 | 0 |
_aRU _bNLR _c20020408 _gPSBO |
|
| 801 | 1 |
_aRU _bNLR _c20020408 |
|
| 852 |
_aNLR _j2002-0/74 |
||
| 942 | _cBOOK | ||